书目信息 |
| 题名: |
绿色建筑一体化设计指南
|
|
| 作者: | 里德 著 ;杨芸 , 杨翔麟 译 | |
| 分册: | ||
| 出版信息: | 北京 中国建筑工业出版社 2016.5 |
|
| 页数: | 14,403页 | |
| 开本: | 23cm | |
| 丛书名: | ||
| 单 册: | ||
| 中图分类: | TU201.5 | |
| 科图分类: | ||
| 主题词: | 生态建筑--建筑设计--指南 | |
| 电子资源: | ||
| ISBN: | 978-7-112-19460-5 | |
| 000 | 01561nam0 2200325 450 | |
| 001 | 0400002932 | |
| 005 | 20171021161023.0 | |
| 010 | @a978-7-112-19460-5@dCNY88.00 | |
| 100 | @a20160826d2016 em y0chiy50 ea | |
| 101 | 1 | @achi@ceng |
| 102 | @aCN@b110000 | |
| 105 | @aa z 000yy | |
| 106 | @ar | |
| 200 | 1 | @a绿色建筑一体化设计指南@9lv se jian zhu yi ti hua she ji zhi nan@e可持续性建筑实践新解@f(美)比尔·里德(Bill Reed)[等]著@g杨芸,杨翔麟译 |
| 210 | @a北京@c中国建筑工业出版社@d2016.5 | |
| 215 | @a14,403页@c图@d23cm | |
| 304 | @a著者还有:(美)约翰·伯克尔(John Boecker)、(美)斯科特·霍斯特(Scot Horst)、(美)汤姆·凯特(Tom Keiter)、(美)安德鲁·劳(Andrew Lau)、(美)马库斯·谢费尔(Marcus Sheffer)、(美)布里安·特夫斯(Brian Toevs) | |
| 305 | @a经美国John Wiley & Sons, Inc.出版公司正式授权翻译、出版 | |
| 312 | @a版权页英文题名:The integrative design guilde to green building: redefining the practice of sustainability | |
| 314 | @a比尔·里德 (Bill Reed),建筑师及国际著名一体化设计倡导者与实践者。 | |
| 330 | @a本书内容包括:几个概念、有机的建筑、可持续性发展概念重塑、探索阶段、方案设计等。 | |
| 510 | 1 | @aIntegrative design guilde to green building@eredefining the practice of sustainability@zeng |
| 517 | 1 | @a可持续性建筑实践新解@9ke chi xu xing jian zhu shi jian xin jie |
| 606 | 0 | @a生态建筑@x建筑设计@j指南 |
| 690 | @aTU201.5@v5 | |
| 701 | 0 | @c(美)@a里德@9li de@c(Reed, Bill)@4著 |
| 702 | 0 | @a杨芸@9yang yun@4译 |
| 702 | 0 | @a杨翔麟@9yang xiang lin@4译 |
| 801 | 0 | @aCN@b91MARC@c20171021 |
| 905 | @b1035266-70@dTU201.5@f5@e1225 | |
| 绿色建筑一体化设计指南:可持续性建筑实践新解/(美)比尔·里德(Bill Reed)[等]著/杨芸,杨翔麟译.-北京:中国建筑工业出版社,2016.5 |
| 14,403页:图;23cm |
| ISBN 978-7-112-19460-5:CNY88.00 |
| 本书内容包括:几个概念、有机的建筑、可持续性发展概念重塑、探索阶段、方案设计等。 |
| ● |
| 相关链接 |
|
|
|
|
正题名:绿色建筑一体化设计指南
索取号:TU201.5/1225
 
预约/预借
| 序号 | 登录号 | 条形码 | 馆藏地/架位号 | 状态 | 备注 |
| 1 | 1035266 | 210352660 | 第二样本阅览室/ [索取号:TU201.5/1225] | 在馆 | |
| 2 | 1035267 | 210352679 | 密集书库-生命科学系/ [索取号:TU201.5/1225] | 在馆 | |
| 3 | 1035268 | 210352688 | 第三借阅区/ [索取号:TU201.5/1225] | 在馆 | |
| 4 | 1035269 | 210352697 | 第三借阅区/ [索取号:TU201.5/1225] | 在馆 | |
| 5 | 1035270 | 210352704 | 第三借阅区/ [索取号:TU201.5/1225] | 在馆 |